Democracia y participación política de las mujeres: la necesidad de un cambio en los procesos de toma de decisiones /
Uloženo v:
| Hlavní autor: | |
|---|---|
| Médium: | Text |
| Témata: | |
| Tagy: |
Přidat tag
Žádné tagy, Buďte první, kdo vytvoří štítek k tomuto záznamu!
|
MARC
| LEADER | 00000 a a2200000 04500 | ||
|---|---|---|---|
| 001 | 17112 | ||
| 003 | |||
| 040 | |||
| 100 | |a Clachar Rivas, Marisol | ||
| 245 | |a Democracia y participación política de las mujeres: |b la necesidad de un cambio en los procesos de toma de decisiones / |c Marisol Clachar Rivas | ||
| 650 | |a DEMOCRACIA | ||
| 650 | |a PARTICIPACION POLITICA | ||
| 650 | |a MUJERES | ||
| 650 | |a TOMA DE DECISIONES | ||
| 650 | |a DERECHOS DE LA MUJER | ||
| 650 | |a ANALISIS HISTORICO | ||
| 650 | |a LEGISLACION | ||
| 773 | |g volumen 7, número 1; páginas 61-71 | ||
| 999 | |c 29950 |d 29950 | ||
